Statistiques concernant Tours de l'horloge (beffrois)

Cliquez ici pour prendre le quiz!

Statistiques générales

  • Ce quiz a été pris 9 fois
    (2 depuis la dernière actualisation)
  • Le résultat moyen est 16 sur 95

Statistiques - réponses

VilleConstructionMonument historique% Correct
Amiens14101926
100%
Arras15541840
100%
Béthune13881862
100%
Boulogne-sur-Mer12311927
100%
Calais19252003
100%
Cambrai14741965
100%
Dunkerque15581840
100%
Lille19322002
100%
Rouen15291930
100%
Rue18601926
100%
Abbeville12091926
50%
Aire-sur-la-Lys17241947
50%
Amboise15001933
50%
Armentières19342002
50%
Bergues19612004
50%
Bordeaux14491886
50%
Douai13911862
50%
Gravelines18271948
50%
Nice17181976
50%
Saint-Riquier15281943
50%
Vierzon18191926
50%
Anduze15691978
0%
Aubusson15201926
0%
Autun17931927
0%
AuvillarXVIIIème siècle1978
0%
Auxerre14831862
0%
Avallon14561930
0%
Bagnères-de-Bigorre18361932
0%
Bagnols-sur-CèzeXIVème siècle1939
0%
Bailleul19322001
0%
BaixXIVème siècle1984
0%
Bar-le-Duc13811941
0%
Beaugency15111922
0%
Beaune14071985
0%
BellêmeXVIème siècle1989
0%
Belvès16791948
0%
BesseXVème siècle1905
0%
Besse-sur-Issole16551941
0%
Billom15771888
0%
Bourbon-Lancy13881921
0%
Briey17221989
0%
CardaillacXIVème siècle1991
0%
Caromb15621952
0%
Carpentras15761987
0%
Castellane1775*1920
0%
Cébazat17581982
0%
Champagnole18671990
0%
ChâteldonXVIème siècle1958
0%
Comines19322001
0%
Condé-sur-l'Escaut17892007
0%
Courthézon16531952
0%
Cravant1384*1926
0%
Crémieu15411926
0%
DieulefitInconnue1926
0%
Dinan15071910
0%
Douellens16131966
0%
Draguignan17231926
0%
Dreux15371840
0%
DurasXVIIème siècle1953
0%
Eecke16621989
0%
EstoublonXVIIIème siècle1941
0%
Évreux14981862
0%
Faucon-de-BarcelonnetteXVIème siècle1913
0%
Fougères13971922
0%
Grignan16001926
0%
HardifortXIXème siècle1989
0%
Hesdin18781946
0%
Le CrestXIVème siècle1926
0%
Les AndelysXIXème siècle1933
0%
Lescure-d'Albigeois15631911
0%
Lons-le-Saunier17581999
0%
Loos18842001
0%
Lucheux13801896
0%
Millau16171931
0%
Montbrun-les-BainsXIVème siècle1926
0%
Nevers13981974
0%
Nuits-Saint-George16191947
0%
Obernai14291980
0%
Pernes-les-Fontaine17641928
0%
Pont-du-Château17552010
0%
Riom13911862
0%
Rosières-aux-Salines17201926
0%
Saint-Fargeau14671923
0%
Saint-Jean-d'Angely14101892
0%
Saint-Martin-de-Brômes18671921
0%
Saint-Pourçain-sur-Sioule14871986
0%
Salers14551929
0%
Sancerre14091913
0%
Sélestat16631929
0%
SommièresXIVème siècle1926
0%
Thionville13631980
0%
TillacInconnue1925
0%
Vaison-la-RomaineXVIème siècle1914
0%
Varennes-en-Argonne17931989
0%
Verdun-sur-GaronneXVIIème siècle1950
0%

Distribution des résultats

Percentile par nombre de réponses

% des personnes avec chaque résultat

Votre développement - résultats

Vous n’avez pas pris ce quiz depuis la dernière actualisation